[Event "Irwin/Haring/Denker/Barber/Rockefeller Championships 2021"]
[Site "Crowne Plaza Cherry Hill, United States"]
[Date "????.??.??"]
[Round "5.6"]
[White "Yan, Ruiyang"]
[Black "Dommalapati, Aasa"]
[Result "1-0"]
[TimeControl "G/90;+30"]
[WhiteTitle "WCM"]
[BlackTitle "WCM"]
[WhiteElo "2245"]
[BlackElo "1990"]

1. e4 {[%clk 01:30:50]} c5 {[%clk 01:30:52]} 2. Nf3 {[%clk 01:31:15]} Nc6
{[%clk 01:31:17]} 3. d4 {[%clk 01:31:39]} cxd4 {[%clk 01:31:43]} {[%emt
00:00:21]} 4. Nxd4 {[%clk 01:31:58]} Nf6 {[%clk 01:32:10]} 5. Nc3 {[%clk
01:32:19]} {[%emt 00:00:05]} e5 {[%clk 01:32:35]} 6. Ndb5 {[%clk 01:32:45]}
{[%emt 00:00:07]} d6 {[%clk 01:32:59]} {[%emt 00:00:04]} 7. Nd5 {[%clk
01:33:11]} {[%emt 00:00:11]} Nxd5 {[%clk 01:33:23]} {[%emt 00:00:03]} 8. exd5
{[%clk 01:33:36]} {[%emt 00:00:04]} Nb8 {[%clk 01:33:48]} {[%emt 00:00:04]} 9.
a4 {[%clk 01:33:54]} {[%emt 00:00:11]} Be7 {[%clk 01:33:50]} {[%emt 00:00:24]}
10. Be2 {[%clk 01:34:20]} {[%emt 00:00:41]} O-O {[%clk 01:34:11]} 11. O-O
{[%clk 01:34:47]} f5 {[%clk 01:34:22]} {[%emt 00:00:08]} 12. f4 {[%clk
01:34:48]} {[%emt 00:00:26]} a6 {[%clk 01:30:11]} {[%emt 00:04:30]} 13. Na3
{[%clk 01:35:05]} {[%emt 00:00:13]} Nd7 {[%clk 01:28:17]} {[%emt 00:02:24]} 14.
Nc4 {[%clk 01:34:02]} {[%emt 00:01:44]} exf4 {[%clk 01:18:37]} {[%emt
00:09:59]} 15. Bxf4 {[%clk 01:34:17]} {[%emt 00:00:16]} Nb6 {[%clk 01:18:30]}
{[%emt 00:00:35]} 16. a5 {[%clk 01:29:09]} {[%emt 00:06:44]} Nxc4 {[%clk
01:18:11]} 17. Bxc4 {[%clk 01:29:37]} Bf6 {[%clk 01:11:29]} {[%emt 00:06:58]}
18. c3 {[%clk 01:29:14]} {[%emt 00:00:54]} g5 {[%clk 01:08:12]} {[%emt
00:04:33]} 19. Be3 {[%clk 01:28:18]} {[%emt 00:00:38]} Qc7 {[%clk 01:03:31]}
{[%emt 00:05:51]} 20. Bd3 {[%clk 01:26:38]} {[%emt 00:01:36]} f4 {[%clk
01:03:27]} {[%emt 00:00:27]} 21. Bb6 {[%clk 01:22:37]} {[%emt 00:05:00]} Qg7
{[%clk 01:02:15]} {[%emt 00:01:20]} 22. Qh5 {[%clk 01:11:00]} {[%emt 00:14:04]}
Bd7 {[%clk 00:56:11]} {[%emt 00:04:31]} 23. Rae1 {[%clk 00:43:03]} {[%emt
00:28:38]} Be5 {[%clk 00:52:17]} {[%emt 00:04:39]} 24. Kh1 {[%clk 00:37:11]}
{[%emt 00:06:24]} Rf6 {[%clk 00:50:09]} {[%emt 00:02:09]} 25. Bd4 {[%clk
00:31:13]} {[%emt 00:06:31]} Bxd4 {[%clk 00:45:24]} {[%emt 00:05:24]} 26. cxd4
{[%clk 00:31:39]} g4 {[%clk 00:22:41]} {[%emt 00:23:06]} 27. Re6 {[%clk
00:12:07]} {[%emt 00:20:02]} Bxe6 {[%clk 00:20:17]} {[%emt 00:03:11]} 28. dxe6
{[%clk 00:12:31]} g3 {[%clk 00:15:08]} {[%emt 00:05:27]} 29. h3 {[%clk
00:11:34]} {[%emt 00:02:03]} Raf8 {[%clk 00:14:20]} {[%emt 00:00:42]} 30. Qf3
{[%clk 00:10:59]} {[%emt 00:01:41]} Rh6 {[%clk 00:11:08]} {[%emt 00:03:06]} 31.
Re1 {[%clk 00:09:49]} {[%emt 00:02:01]} Qxd4 {[%clk 00:06:00]} {[%emt
00:05:26]} 32. e7 {[%clk 00:10:05]} {[%emt 00:00:04]} Re8 {[%clk 00:06:11]}
{[%emt 00:00:20]} 33. Qg4+ {[%clk 00:10:12]} {[%emt 00:00:48]} Kf7 {[%clk
00:03:30]} {[%emt 00:02:47]} 34. Qg5 {[%clk 00:03:25]} {[%emt 00:07:15]} Rg6
{[%clk 00:00:55]} {[%emt 00:03:07]} 35. Bxg6+ {[%clk 00:02:12]} {[%emt
00:01:40]} hxg6 {[%clk 00:01:24]} {[%emt 00:00:30]} 36. Rf1 {[%clk 00:02:18]}
{[%emt 00:00:04]} Qe5 {[%clk 00:00:50]} {[%emt 00:00:57]} 37. Rxf4+ {[%clk
00:02:36]} {[%emt 00:00:16]} Kg7 {[%clk 00:01:15]} {[%emt 00:00:07]} 38. Qxg3
{[%clk 00:01:31]} {[%emt 00:01:27]} Rxe7 {[%clk 00:01:44]} {[%emt 00:00:08]} 39.
Kh2 {[%clk 00:01:24]} {[%emt 00:00:30]} Qxa5 {[%clk 00:00:51]} {[%emt
00:01:23]} 40. Rg4 {[%clk 00:01:16]} {[%emt 00:00:41]} Re6 {[%clk 00:01:08]}
{[%emt 00:00:28]} 41. Rg5 {[%clk 00:01:35]} Qd2 {[%clk 00:01:07]} {[%emt
00:00:26]} 42. b3 {[%clk 00:01:52]} {[%emt 00:00:17]} Qb4 {[%clk 00:00:39]}
{[%emt 00:00:52]} 43. h4 {[%clk 00:01:48]} {[%emt 00:00:49]} Kh7 {[%clk
00:00:55]} 44. h5 {[%clk 00:01:52]} {[%emt 00:00:26]} Qe1 {[%clk 00:00:55]}
{[%emt 00:00:27]} 45. Qf4 {[%clk 00:01:31]} {[%emt 00:01:14]} Re7 {[%clk
00:00:44]} {[%emt 00:00:23]} 46. hxg6+ {[%clk 00:01:19]} {[%emt 00:00:50]} Kg8
{[%clk 00:00:59]} {[%emt 00:00:04]} 47. Rh5 {[%clk 00:01:19]} {[%emt 00:00:28]}
Qe6 {[%clk 00:00:49]} {[%emt 00:00:44]} 48. Qh4 {[%clk 00:01:02]} {[%emt
00:00:43]} Qxg6 {[%clk 00:00:34]} {[%emt 00:01:03]} 49. Rg5 {[%clk 00:01:27]}
Rh7 {[%clk 00:00:49]} {[%emt 00:00:09]} 50. Rxg6+ {[%clk 00:01:53]} Kh8 {[%clk
00:01:16]} {[%emt 00:00:03]} 51. Rh6 {[%clk 00:02:17]} {[%emt 00:00:07]} Rxh6
{[%clk 00:01:39]} {[%emt 00:00:07]} 52. Qxh6+ {[%clk 00:02:43]} 1-0

[Event "Irwin/Haring/Denker/Barber/Rockefeller Championships 2021"]
[Site "Crowne Plaza Cherry Hill, United States"]
[Date "????.??.??"]
[Round "5.7"]
[White "Tang, Zoey"]
[Black "Vidyarthi, Vyom"]
[Result "0-1"]
[TimeControl "G/90;+30"]
[BlackTitle "CM"]
[WhiteElo "2097"]
[BlackElo "2284"]

1. d4 {[%clk 01:30:57]} {[%emt 00:00:04]} Nf6 {[%clk 01:30:56]} {[%emt
00:00:11]} 2. Bg5 {[%clk 01:31:21]} d5 {[%clk 01:31:21]} {[%emt 00:00:18]} 3.
e3 {[%clk 01:31:44]} Ne4 {[%clk 01:30:52]} {[%emt 00:00:49]} 4. Bf4 {[%clk
01:32:02]} {[%emt 00:00:33]} c5 {[%clk 01:31:11]} 5. Bd3 {[%clk 01:31:21]}
{[%emt 00:01:16]} cxd4 {[%clk 01:24:44]} {[%emt 00:06:47]} 6. exd4 {[%clk
01:29:58]} {[%emt 00:01:52]} Qb6 {[%clk 01:22:24]} {[%emt 00:05:57]} 7. Bxe4
{[%clk 01:27:39]} dxe4 {[%clk 01:22:47]} 8. Ne2 {[%clk 01:20:00]} {[%emt
00:08:00]} Bf5 {[%clk 01:16:34]} {[%emt 00:07:19]} 9. Nd2 {[%clk 01:15:35]}
{[%emt 00:04:20]} e6 {[%clk 01:10:39]} {[%emt 00:06:19]} 10. O-O {[%clk
01:15:11]} {[%emt 00:01:04]} Nd7 {[%clk 01:09:42]} {[%emt 00:01:17]} 11. c4
{[%clk 01:07:26]} {[%emt 00:08:12]} Be7 {[%clk 01:08:28]} {[%emt 00:01:50]} 12.
c5 {[%clk 01:06:35]} {[%emt 00:01:38]} Qc6 {[%clk 01:04:47]} {[%emt 00:04:02]}
13. Nc3 {[%clk 01:04:08]} {[%emt 00:02:41]} e5 {[%clk 01:00:15]} {[%emt
00:12:16]} 14. dxe5 {[%clk 00:57:40]} Nxc5 {[%clk 00:59:39]} {[%emt 00:01:02]}
15. Bg3 {[%clk 00:53:19]} {[%emt 00:04:42]} O-O {[%clk 00:57:05]} {[%emt
00:03:39]} 16. Qe2 {[%clk 00:52:44]} {[%emt 00:00:52]} Rfd8 {[%clk 00:55:36]}
{[%emt 00:01:49]} 17. b4 {[%clk 00:43:32]} {[%emt 00:09:28]} Ne6 {[%clk
00:55:23]} {[%emt 00:01:05]} 18. Rac1 {[%clk 00:42:41]} {[%emt 00:01:20]} e3
{[%clk 00:47:38]} {[%emt 00:08:00]} 19. Ncb1 {[%clk 00:34:25]} {[%emt
00:08:40]} Qd5 {[%clk 00:45:02]} {[%emt 00:03:23]} 20. Qxe3 {[%clk 00:34:08]}
{[%emt 00:01:10]} Qxa2 {[%clk 00:44:10]} {[%emt 00:00:41]} 21. b5 {[%clk
00:22:22]} {[%emt 00:13:20]} Rd3 {[%clk 00:43:50]} 22. Qe2 {[%clk 00:13:29]}
{[%emt 00:09:10]} Bb4 {[%clk 00:43:53]} {[%emt 00:00:26]} 23. Rfd1 {[%clk
00:10:48]} {[%emt 00:03:50]} Rad8 {[%clk 00:44:12]} 24. Bh4 {[%clk 00:08:50]}
{[%emt 00:02:17]} Bxd2 {[%clk 00:44:01]} {[%emt 00:00:40]} 25. h3 {[%clk
00:01:10]} {[%emt 00:08:16]} Nf4 {[%clk 00:43:48]} {[%emt 00:01:00]} 26. Qf1
{[%clk 00:01:27]} Bxc1 {[%clk 00:43:43]} {[%emt 00:00:15]} 27. Bxd8 {[%clk
00:01:34]} {[%emt 00:00:29]} Rxd1 {[%clk 00:43:33]} {[%emt 00:01:07]} 28. Qxd1
{[%clk 00:01:58]} Qxb1 {[%clk 00:43:55]} 29. Bg5 {[%clk 00:02:02]} {[%emt
00:00:32]} Nxh3+ {[%clk 00:44:02]} 0-1

[Event "Irwin/Haring/Denker/Barber/Rockefeller Championships 2021"]
[Site "Crowne Plaza Cherry Hill, United States"]
[Date "????.??.??"]
[Round "5.8"]
[White "Tang, Austin"]
[Black "Deng, Henry"]
[Result "1/2-1/2"]
[TimeControl "G/90;+30"]
[WhiteElo "1852"]
[BlackElo "1993"]

1. e4 {[%clk 01:30:57]} e5 {[%clk 01:30:57]} 2. Nf3 {[%clk 01:31:23]} {[%emt
00:00:11]} Nc6 {[%clk 01:31:24]} 3. Bb5 {[%clk 01:31:46]} a6 {[%clk 01:31:51]}
{[%emt 00:00:37]} 4. Ba4 {[%clk 01:32:11]} Nf6 {[%clk 01:32:17]} 5. Qe2 {[%clk
01:32:35]} b5 {[%clk 01:32:36]} 6. Bb3 {[%clk 01:32:58]} Be7 {[%clk 01:32:48]}
{[%emt 00:00:36]} 7. O-O {[%clk 01:33:18]} O-O {[%clk 01:32:56]} {[%emt
00:00:37]} 8. c3 {[%clk 01:33:42]} d6 {[%clk 01:33:07]} {[%emt 00:00:06]} 9.
Rd1 {[%clk 01:34:05]} {[%emt 00:00:41]} Na5 {[%clk 01:33:27]} 10. Bc2 {[%clk
01:34:29]} c5 {[%clk 01:33:54]} 11. d4 {[%clk 01:34:53]} Qc7 {[%clk 01:34:21]}
12. d5 {[%clk 01:34:57]} {[%emt 00:00:41]} Bd7 {[%clk 01:34:26]} 13. b3 {[%clk
01:34:24]} {[%emt 00:01:42]} Nb7 {[%clk 01:33:59]} {[%emt 00:00:31]} 14. Nbd2
{[%clk 01:30:00]} {[%emt 00:05:01]} Nh5 {[%clk 01:32:13]} {[%emt 00:02:01]} 15.
g3 {[%clk 01:26:37]} {[%emt 00:04:01]} g6 {[%clk 01:31:57]} {[%emt 00:00:30]}
16. Nf1 {[%clk 01:25:45]} {[%emt 00:02:00]} Ng7 {[%clk 01:31:34]} {[%emt
00:00:49]} 17. a4 {[%clk 01:18:24]} {[%emt 00:12:04]} f5 {[%clk 01:26:09]}
{[%emt 00:01:12]} 18. Ne1 {[%clk 01:09:05]} {[%emt 00:10:00]} f4 {[%clk
01:22:13]} {[%emt 00:04:21]} 19. Bd2 {[%clk 01:02:05]} {[%emt 00:07:19]} g5
{[%clk 01:16:14]} {[%emt 00:06:33]} 20. axb5 {[%clk 00:57:43]} {[%emt
00:15:00]} axb5 {[%clk 01:15:26]} 21. f3 {[%clk 00:49:21]} h5 {[%clk 01:14:29]}
{[%emt 00:01:54]} 22. gxf4 {[%clk 00:43:37]} {[%emt 00:06:23]} gxf4 {[%clk
01:09:40]} {[%emt 00:04:50]} 23. Bd3 {[%clk 00:36:43]} {[%emt 00:07:14]} Ra5
{[%clk 01:03:16]} {[%emt 00:07:05]} 24. Nc2 {[%clk 00:31:50]} {[%emt 00:05:12]}
Rf6 {[%clk 00:53:43]} {[%emt 00:10:21]} 25. Rxa5 {[%clk 00:30:09]} {[%emt
00:02:00]} Qxa5 {[%clk 00:52:01]} {[%emt 00:02:48]} 26. Ra1 {[%clk 00:27:00]}
{[%emt 00:03:07]} Rg6+ {[%clk 00:50:24]} {[%emt 00:02:31]} 27. Kh1 {[%clk
00:27:06]} Qd8 {[%emt 00:08:18]} 28. Bxb5 {[%clk 00:24:17]} {[%emt 00:03:45]}
Bh3 {[%clk 00:39:21]} {[%emt 00:03:27]} 29. Bc6 {[%clk 00:20:57]} {[%emt
00:03:40]} Na5 {[%clk 00:35:03]} {[%emt 00:04:55]} 30. b4 {[%clk 00:19:35]}
{[%emt 00:01:37]} Nxc6 {[%clk 00:30:44]} {[%emt 00:04:49]} 31. dxc6 {[%clk
00:19:58]} {[%emt 00:00:20]} Bg2+ {[%clk 00:30:37]} {[%emt 00:01:36]} 32. Qxg2
{[%clk 00:20:21]} Rxg2 {[%clk 00:31:03]} 33. Kxg2 {[%clk 00:20:44]} Qb6 {[%clk
00:30:48]} 34. b5 {[%clk 00:19:45]} {[%emt 00:01:48]} 1/2-1/2